Welcome to WEB OPAC of MRSPTU Central Library

IC Engines and compressors (Record no. 6120)

MARC details
000 -LEADER
fixed length control field 00415nam a2200169Ia 4500
008 - FIXED-LENGTH DATA ELEMENTS--GENERAL INFORMATION
fixed length control field 230711s9999||||xx |||||||||||||| ||und||
020 ## - INTERNATIONAL STANDARD BOOK NUMBER
International Standard Book Number 978-93-5014-274-5
041 ## - LANGUAGE CODE
Language code of text/sound track or separate title ENG
082 ## - DEWEY DECIMAL CLASSIFICATION NUMBER
Classification number 621.43
Item number SI-I
100 ## - MAIN ENTRY--PERSONAL NAME
Personal name Singal,R.K
245 #0 - TITLE STATEMENT
Title IC Engines and compressors
250 ## - EDITION STATEMENT
Edition statement 6th Ed.
260 ## - PUBLICATION, DISTRIBUTION, ETC.
Date of publication, distribution, etc. 2016
Place of publication, distribution, etc. New Delhi
Name of publisher, distributor, etc. S.K Kataria & Sons
300 ## - PHYSICAL DESCRIPTION
Extent 266p.
650 ## - SUBJECT ADDED ENTRY--TOPICAL TERM
Topical term or geographic name entry element Mechanical Engineering
942 ## - ADDED ENTRY ELEMENTS (KOHA)
Koha item type Book
Holdings
Withdrawn status Lost status Damaged status Not for loan Collection Home library Current library Date acquired Cost, normal purchase price Inventory number Total checkouts Full call number Barcode Date last seen Price effective from Koha item type
          MRSPTU Central Library MRSPTU Central Library   175.00 KBD/2016-2017/961842808   621.43 SI-I 33685 08/17/2023 08/17/2023 Book
          MRSPTU Central Library MRSPTU Central Library   175.00 KBD/2016-2017/961842808   621.43 SI-I 33686 08/17/2023 08/17/2023 Book
          MRSPTU Central Library MRSPTU Central Library   175.00 KBD/2016-2017/961842808   621.43 SI-I 33687 08/17/2023 08/17/2023 Book
          MRSPTU Central Library MRSPTU Central Library   175.00 KBD/2016-2017/961842808   621.43 SI-I 33688 08/17/2023 08/17/2023 Book
          MRSPTU Central Library MRSPTU Central Library   175.00 KBD/2016-2017/961842808   621.43 SI-I 33689 08/17/2023 08/17/2023 Book
          MRSPTU Central Library MRSPTU Central Library   175.00 KBD/2016-2017/961842808   621.43 SI-I 33690 08/17/2023 08/17/2023 Book
          MRSPTU Central Library MRSPTU Central Library   175.00 KBD/2016-2017/961842808   621.43 SI-I 33691 08/17/2023 08/17/2023 Book
          MRSPTU Central Library MRSPTU Central Library   175.00 KBD/2016-2017/961842808   621.43 SI-I 33692 08/17/2023 08/17/2023 Book
          MRSPTU Central Library MRSPTU Central Library   175.00 KBD/2016-2017/961842808   621.43 SI-I 33693 08/17/2023 08/17/2023 Book
          MRSPTU Central Library MRSPTU Central Library   175.00 KBD/2016-2017/961842808   621.43 SI-I 33694 08/17/2023 08/17/2023 Book

Website Designed and Developed by MRSPTU Central Library Team

E-mail Id: librarian@mrsptu.ac.in